[Event "Rosenheim IM-B"]
[Site "Rosenheim"]
[Date "2025.05.30"]
[Round "7"]
[White "Schulz, Lukas"]
[Black "Vuckovic, Zarko"]
[Result "1/2-1/2"]
[WhiteElo "2266"]
[BlackElo "2384"]
[PlyCount "113"]
[EventDate "2025.05.25"]
[EventType "tourn"]
[EventRounds "9"]
[EventCountry "GER"]
[SourceTitle "CB23_2025"]
[SourceDate "2025.06.04"]
[SourceVersion "1"]
[SourceVersionDate "2025.06.04"]
[SourceQuality "1"]

1. e4 c5 2. Nf3 e6 3. g3 Nc6 4. Bg2 Nf6 5. d3 Be7 6. 0-0 d6 7. b3 Qc7 8. Bb2 0-0 9. Nbd2 Re8 10. Qe2 e5 11. h3 b5 12. a4 bxa4 13. Rxa4 Bd7 14. Ra3 Nd4 15. Nxd4 cxd4 16. Nc4 a5 17. Rfa1 a4 18. R3a2 Bb5 19. bxa4 Bxc4 20. dxc4 Nd7 21. c3 d3 22. Qxd3 Nc5 23. Qd5 Ra5 24. Qd1 Bg5 25. h4 Bh6 26. Ba3 Rxa4 27. Bb4 Rxa2 28. Rxa2 g6 29. Qd5 Bf8 30. Bh3 Rb8 31. Kg2 Rb7 32. Ra8 Rb8 33. Ra5 Rb7 34. Bg4 Ra7 35. Rxa7 Qxa7 36. h5 Qe7 37. Bf3 Qg5 38. hxg6 hxg6 39. Ba3 Qe7 40. Bc1 Kh7 41. Bg4 Bh6 42. Ba3 Kg7 43. Bh3 Bg5 44. Bb4 Bf6 45. Bg4 Qc7 46. Bf3 Bg5 47. Bd1 Be7 48. Bc2 Bf6 49. Bd1 Be7 50. Bg4 Bf6 51. Bf3 Bg5 52. Kg1 Bf6 53. Qa8 Bd8 54. Bg2 Qb6 55. Qd5 Bf6 56. Kh1 Qc7 57. Kg1 1/2-1/2

[Event "Bayern-ch 95th"]
[Site "Rosenheim"]
[Date "2024.08.30"]
[Round "8"]
[White "Biedenkopf, Philipp"]
[Black "Schulz, Lukas"]
[Result "0-1"]
[WhiteElo "2103"]
[BlackElo "2298"]
[PlyCount "56"]
[EventDate "2024.08.25"]
[EventType "swiss"]
[EventRounds "9"]
[EventCountry "GER"]
[SourceTitle "CBM 221 Extra"]
[Source "ChessBase"]
[SourceDate "2024.09.30"]
[SourceVersion "1"]
[SourceVersionDate "2024.09.30"]
[SourceQuality "1"]

1. d4 Nf6 2. c4 g6 3. Nc3 Bg7 4. e4 d6 5. Be2 Nbd7 6. Be3 e5 7. d5 Nc5 8. Qc2 a5 9. 0-0-0 0-0 10. h4 Qe7 11. h5 Bd7 12. h6 Bh8 13. Nh3 a4 14. Bxc5 dxc5 15. a3 Ne8 16. Kb1 Nd6 17. f3 b6 18. g4 Rfb8 19. Nf2 Bf6 20. Rdg1 Bg5 21. Nfd1 Ra5 22. Rg2 Bc8 23. Nxa4 Ba6 24. b4 cxb4 25. axb4 Nxc4 26. Bxc4 Qxb4+ 27. Nab2 Ra8 28. Bb3 Bb5 0-1

[Event "Bayern-ch 95th"]
[Site "Rosenheim"]
[Date "2024.08.27"]
[Round "3"]
[White "Schulz, Lukas"]
[Black "Friedrich, Ricardo"]
[Result "1-0"]
[WhiteElo "2298"]
[BlackElo "2167"]
[PlyCount "97"]
[EventDate "2024.08.25"]
[EventType "swiss"]
[EventRounds "9"]
[EventCountry "GER"]
[SourceTitle "CBM 221 Extra"]
[Source "ChessBase"]
[SourceDate "2024.09.30"]
[SourceVersion "1"]
[SourceVersionDate "2024.09.30"]
[SourceQuality "1"]

1. e4 c5 2. Nf3 d6 3. d4 cxd4 4. Nxd4 Nf6 5. Nc3 Nc6 6. Bb5 Bd7 7. Be3 g6 8. f3 Bg7 9. Qd2 Ne5 10. Be2 0-0 11. 0-0-0 Qa5 12. f4 Nc6 13. Nb3 Qc7 14. Nd5 Qb8 15. Bf3 Be6 16. Rdg1 a5 17. g4 a4 18. Nd4 Bxd5 19. exd5 Nxd4 20. Bxd4 a3 21. b3 Qc7 22. Rg2 Nd7 23. Re1 Bxd4 24. Qxd4 Rfe8 25. g5 Nc5 26. Kb1 Ra4 27. Qd2 Qb6 28. Rge2 Rc4 29. Bg4 Na4 30. Re3 Rd4 31. Qc1 Ra8 32. Bd7 Nc5 33. Rxe7 Rxd5 34. Bg4 Na4 35. R7e3 Kg7 36. Bf3 Rd4 37. c4 Rc8 38. Ka1 Rxf4 39. bxa4 Rfxc4 40. Qxa3 Qd4+ 41. Kb1 Rb4+ 42. Rb3 Rxb3+ 43. Qxb3 Rc4 44. Rd1 Qc5 45. Qb2+ Kg8 46. Re1 f6 47. Bd1 Qf5+ 48. Bc2 Qf2 49. Rd1 1-0

[Event "Rosenheim IM"]
[Site "Rosenheim"]
[Date "2024.08.18"]
[Round "9"]
[White "Schneider, Jana"]
[Black "Schulz, Lukas"]
[Result "0-1"]
[WhiteElo "2275"]
[BlackElo "2298"]
[PlyCount "74"]
[EventDate "2024.08.12"]
[EventType "tourn"]
[EventRounds "9"]
[EventCountry "GER"]
[EventCategory "3"]
[SourceTitle "CBM 221 Extra"]
[Source "ChessBase"]
[SourceDate "2024.09.30"]
[SourceVersion "1"]
[SourceVersionDate "2024.09.30"]
[SourceQuality "1"]

1. e4 c5 2. Nf3 Nc6 3. g3 Nf6 4. d3 d5 5. e5 Nd7 6. Qe2 e6 7. Bg2 Qc7 8. Bf4 Be7 9. h4 h6 10. h5 a6 11. c4 Nb6 12. b3 Bd7 13. Nc3 Nd4 14. Nxd4 cxd4 15. Nb1 Bc6 16. 0-0 0-0-0 17. Nd2 g5 18. hxg6 fxg6 19. Nf3 dxc4 20. bxc4 g5 21. Bc1 Na4 22. Nd2 Nc3 23. Qe1 Rhf8 24. Nb3 Bxg2 25. Kxg2 Qc6+ 26. Kh2 Qf3 27. Nxd4 Rxd4 28. Qxc3 Rxd3 29. Qc2 h5 30. Be3 h4 31. g4 Rxe3 32. fxe3 Qg3+ 33. Kh1 Qh3+ 34. Kg1 Qxe3+ 35. Rf2 Bc5 36. Raf1 Rxf2 37. Rxf2 Qxf2+ 0-1

[Event "Rosenheim IM"]
[Site "Rosenheim"]
[Date "2024.08.15"]
[Round "6"]
[White "Schulz, Lukas"]
[Black "Zysk, Robert"]
[Result "0-1"]
[WhiteElo "2298"]
[BlackElo "2376"]
[PlyCount "74"]
[EventDate "2024.08.12"]
[EventType "tourn"]
[EventRounds "9"]
[EventCountry "GER"]
[EventCategory "3"]
[SourceTitle "CBM 221 Extra"]
[Source "ChessBase"]
[SourceDate "2024.09.30"]
[SourceVersion "1"]
[SourceVersionDate "2024.09.30"]
[SourceQuality "1"]

1. e4 e6 2. Nc3 d5 3. g3 dxe4 4. Nxe4 Bd7 5. Nf3 Nf6 6. d3 Nxe4 7. dxe4 Bc5 8. Ne5 Qe7 9. Qe2 Nc6 10. Nxd7 Qxd7 11. c3 0-0-0 12. Be3 Qe7 13. Bg2 h5 14. 0-0 Ne5 15. b4 Bxe3 16. Qxe3 Kb8 17. Rfd1 Qf6 18. Qe2 g5 19. Rxd8+ Rxd8 20. Rd1 g4 21. h3 Rxd1+ 22. Qxd1 gxh3 23. Bxh3 h4 24. gxh4 Qxh4 25. Bg2 a6 26. Qd2 Ng6 27. Qe3 Nf4 28. Qf3 Qg5 29. Kh2 Qh4+ 30. Kg1 Qg5 31. Kh2 e5 32. Bf1 Qd8 33. Qg3 Ka7 34. Qg7 Qd2 35. Qg3 Qxa2 36. Kg1 Qd2 37. Bc4 Qe1+ 0-1

[Event "Rosenheim IM"]
[Site "Rosenheim"]
[Date "2024.08.12"]
[Round "1"]
[White "Hasenohr, Benedict"]
[Black "Schulz, Lukas"]
[Result "1/2-1/2"]
[WhiteElo "2339"]
[BlackElo "2298"]
[PlyCount "184"]
[EventDate "2024.08.12"]
[EventType "tourn"]
[EventRounds "9"]
[EventCountry "GER"]
[EventCategory "3"]
[SourceTitle "CBM 221 Extra"]
[Source "ChessBase"]
[SourceDate "2024.09.30"]
[SourceVersion "1"]
[SourceVersionDate "2024.09.30"]
[SourceQuality "1"]

1. d4 Nf6 2. c4 g6 3. Nc3 Bg7 4. e4 d6 5. h3 0-0 6. Be3 e5 7. d5 Nbd7 8. g4 Nc5 9. f3 a5 10. Qd2 Ne8 11. h4 f5 12. g5 Bd7 13. Qh2 f4 14. Bf2 c6 15. 0-0-0 cxd5 16. Nxd5 Rc8 17. Kb1 a4 18. Ne2 Nc7 19. Nb6 N7e6 20. Nxc8 Qxc8 21. Nc3 Nd4 22. Nd5 Qd8 23. Bxd4 exd4 24. h5 a3 25. hxg6 hxg6 26. Qh7+ Kf7 27. Rh4 Qxg5 28. Rxf4+ Ke8 29. Qxg7 Rxf4 30. Nxf4 Qxf4 31. Qxg6+ Kd8 32. Qg2 axb2 33. Qxb2 Qxf3 34. Qxd4 Nxe4 35. Ka1 Kc8 36. Re1 Nc5 37. Be2 Qa3 38. Qb2 Qg3 39. Rd1 Kc7 40. Qd4 Ne6 41. Qf6 Ba4 42. Rb1 Bc6 43. Rf1 Qe3 44. Qb2 Nd4 45. Bg4 Be4 46. Rf7+ Kb8 47. Rf8+ Ka7 48. Bd1 Qd3 49. Bb3 Nc6 50. Rf7 Ne5 51. Bc2 Qe3 52. Re7 Qg1+ 53. Bb1 Nxc4 54. Rg7 Qe3 55. Rg3 Qxg3 56. Qd4+ Nb6 57. Bxe4 Qe5 58. Qxe5 dxe5 59. Kb2 Na4+ 60. Ka3 Nc5 61. Bg2 b5 62. Kb4 Kb6 63. Bf1 Na6+ 64. Kb3 Ka5 65. a3 Nc5+ 66. Kc3 Ka4 67. Be2 Ne4+ 68. Kb2 Ng3 69. Bd1+ Ka5 70. Kc3 Ne4+ 71. Kc2 Kb6 72. Kb3 Kc5 73. Bc2 Nd2+ 74. Kc3 Nc4 75. Kb3 Ne3 76. Bd3 Nd1 77. Be2 Nf2 78. Kc3 Ne4+ 79. Kd3 Nd6 80. Kc3 Nc4 81. Kb3 e4 82. Bg4 Ne3 83. Be2 Nd5 84. Kc2 Nb6 85. Kc3 Nc4 86. Kb3 e3 87. Bh5 Nb6 88. Kc3 Nc4 89. Kb3 Kd4 90. Kb4 Nxa3 91. Kxa3 Kc3 92. Ka2 b4 1/2-1/2

[Event "BL2-Ost 2324"]
[Site "Germany"]
[Date "2024.02.04"]
[Round "6.5"]
[White "Casper, Thomas"]
[Black "Schulz, Lukas"]
[Result "1-0"]
[WhiteElo "2349"]
[BlackElo "2324"]
[PlyCount "55"]
[EventDate "2023.10.21"]
[EventType "team-tourn"]
[EventRounds "10"]
[EventCountry "GER"]
[SourceTitle "EXT 2025"]
[Source "ChessBase"]
[SourceDate "2024.10.14"]
[SourceVersion "1"]
[SourceVersionDate "2024.10.14"]
[SourceQuality "1"]
[WhiteTeam "Erfurt"]
[BlackTeam "Erlangen"]
[WhiteTeamCountry "GER"]
[BlackTeamCountry "GER"]

1. e4 c5 2. Nf3 Nc6 3. Bb5 g6 4. 0-0 Bg7 5. c3 e5 6. d3 Nge7 7. Nbd2 0-0 8. a3 a6 9. Bc4 Kh8 10. b4 d5 11. Ba2 cxb4 12. cxb4 f5 13. Bb2 b6 14. Rc1 Bb7 15. Re1 Qd7 16. exd5 Nxd5 17. Nc4 Rae8 18. Ncxe5 Nxe5 19. Nxe5 Qd8 20. Qd2 g5 21. g3 f4 22. Re2 fxg3 23. hxg3 Nf4 24. gxf4 gxf4 25. f3 Rf5 26. Rce1 Rexe5 27. Rxe5 Qg5+ 28. Qg2 1-0

[Event "Oberliga Bayern 2223"]
[Site "Germany"]
[Date "2023.04.23"]
[Round "9.6"]
[White "Schulz, Lukas"]
[Black "Kempter, Ronald"]
[Result "1/2-1/2"]
[WhiteElo "2370"]
[BlackElo "2244"]
[PlyCount "108"]
[EventDate "2022.10.09"]
[EventType "team-tourn"]
[EventRounds "9"]
[EventCountry "GER"]
[SourceTitle "EXT 2025"]
[Source "ChessBase"]
[SourceDate "2024.10.14"]
[SourceVersion "1"]
[SourceVersionDate "2024.10.14"]
[SourceQuality "1"]
[WhiteTeam "Erlangen"]
[BlackTeam "Groebenzell"]
[WhiteTeamCountry "GER"]
[BlackTeamCountry "GER"]

1. e4 e5 2. f4 exf4 3. Nf3 d5 4. exd5 Nf6 5. Bb5+ c6 6. dxc6 Nxc6 7. Nc3 Bd6 8. Qe2+ Qe7 9. Qxe7+ Kxe7 10. Bxc6 bxc6 11. 0-0 Re8 12. d3 h6 13. Bd2 Bd7 14. Rae1+ Kf8 15. h3 Rab8 16. Rxe8+ Bxe8 17. b3 Bd7 18. Re1 Re8 19. Rxe8+ Kxe8 20. Be1 g5 21. Bf2 c5 22. Nd2 Bc6 23. Nc4 Ke7 24. Na5 Kd7 25. a4 a6 26. Nxc6 Kxc6 27. Kf1 Be5 28. Ne4 Nd7 29. Nd2 f5 30. Nf3 Bf6 31. Be1 Nf8 32. Ke2 Ne6 33. Bf2 g4 34. Ng1 Nd4+ 35. Bxd4 Bxd4 36. Kf1 h5 37. Ne2 Be3 38. Nc3 h4 39. Nd1 Bd4 40. Ke2 Kd6 41. c3 Bf6 42. hxg4 fxg4 43. Nf2 f3+ 44. gxf3 gxf3+ 45. Kxf3 Bxc3 46. Ne4+ Kd5 47. Nxc3+ Kd4 48. Ne4 Kxd3 49. a5 Kd4 50. Nd6 Kc3 51. Nb7 Kb4 52. Kg4 Kxb3 53. Nxc5+ Kb4 54. Nxa6+ Kxa5 1/2-1/2

[Event "Oberliga Bayern 2223"]
[Site "Germany"]
[Date "2023.01.15"]
[Round "5.6"]
[White "Schulz, Lukas"]
[Black "Wutz, Christoph"]
[Result "1/2-1/2"]
[WhiteElo "2370"]
[BlackElo "2146"]
[PlyCount "58"]
[EventDate "2022.10.09"]
[EventType "team-tourn"]
[EventRounds "9"]
[EventCountry "GER"]
[SourceTitle "EXT 2025"]
[Source "ChessBase"]
[SourceDate "2024.10.14"]
[SourceVersion "1"]
[SourceVersionDate "2024.10.14"]
[SourceQuality "1"]
[WhiteTeam "Erlangen"]
[BlackTeam "Regensburg Post/Sued"]
[WhiteTeamCountry "GER"]
[BlackTeamCountry "GER"]

1. e4 d6 2. d4 Nf6 3. Nc3 Nbd7 4. Nf3 e5 5. g3 Be7 6. Bg2 0-0 7. 0-0 c6 8. Nh4 Re8 9. Nf5 Bf8 10. Kh1 b5 11. dxe5 dxe5 12. Nd6 Re6 13. Nxc8 Rxc8 14. Qe2 Qc7 15. Nd1 Ree8 16. f3 Nc5 17. Nf2 Ne6 18. c3 a6 19. Nd3 Nd7 20. Be3 c5 21. Bh3 c4 22. Nf2 Bc5 23. Rfd1 Rcd8 24. Bxe6 Rxe6 25. Ng4 h5 26. Nf2 Be7 27. Rd5 Nf6 28. Rxd8+ Qxd8 29. Rd1 Rd6 1/2-1/2

[Event "Oberliga Bayern 2223"]
[Site "Germany"]
[Date "2022.10.23"]
[Round "2.6"]
[White "Schulz, Lukas"]
[Black "De Francesco, Klaus"]
[Result "1-0"]
[WhiteElo "2370"]
[BlackElo "2197"]
[PlyCount "81"]
[EventDate "2022.10.09"]
[EventType "team-tourn"]
[EventRounds "9"]
[EventCountry "GER"]
[SourceTitle "EXT 2025"]
[Source "ChessBase"]
[SourceDate "2024.10.14"]
[SourceVersion "1"]
[SourceVersionDate "2024.10.14"]
[SourceQuality "1"]
[WhiteTeam "Erlangen"]
[BlackTeam "Weilheim"]
[WhiteTeamCountry "GER"]
[BlackTeamCountry "GER"]

1. e4 e6 2. Nc3 d5 3. g3 Nf6 4. Bg2 dxe4 5. Nxe4 Nxe4 6. Bxe4 Nd7 7. d4 c5 8. Ne2 Nf6 9. Bg2 cxd4 10. Qxd4 Qxd4 11. Nxd4 a6 12. 0-0 Bc5 13. Nb3 Bd6 14. Rd1 Ke7 15. Na5 Rb8 16. Rxd6 Kxd6 17. Bf4+ e5 18. Nc4+ Kc5 19. Bxe5 Be6 20. Bxb8 Rxb8 21. Ne5 b5 22. Rd1 a5 23. Nc6 Rc8 24. Ne5 Bxa2 25. Rd3 Be6 26. Rc3+ Kb6 27. Rxc8 Bxc8 28. Nxf7 b4 29. Nd6 Be6 30. b3 Kc5 31. Nb7+ Kd4 32. Bf1 Bxb3 33. cxb3 a4 34. bxa4 b3 35. Nd6 Kc3 36. Nc4 Ne4 37. f4 Nc5 38. a5 Nd3 39. Bxd3 Kxd3 40. Na3 Kc3 41. a6 1-0